Polscy pomocnicy - nagła śmierć - Statystyki

Ogólne statystyki
  • Ten quiz został rozwiązany 227 razy
  • Średni wynik to 8 z 13
Answers on the Grid
Answers color-coded by a green-red scale on the quiz's grid according to % correct below.
Piotr Zieliński
Michał Żewłakow
Jakub Kiwior
Jakub Moder
Łukasz Skorupski
Jakub Piotrowski
Karol Linetty
Krzysztof Mączyński
Grzegorz Krychowiak
Bartosz Bereszyński
Mateusz Bogusz
Jan Bednarek
Sebastian Szymański
Kamil Glik
Krzysztof Piątek
Mariusz Stępiński
Łukasz Fabiański
Bartosz Slisz
Jacek Krzynówek
Arkadiusz Milik
Marcin Wasilewski
Łukasz Teodorczyk
Jerzy Brzęczek
Jacek Bąk
Michał Pazdan
Mateusz Klich
Adam Buksa
Tomasz Iwan
 
Statystyki odpowiedzi
Odpowiedź % Poprawnych
Piotr Zieliński
98%
Grzegorz Krychowiak
77%
Jakub Moder
77%
Karol Linetty
74%
Sebastian Szymański
73%
Jakub Piotrowski
69%
Bartosz Slisz
64%
Mateusz Klich
63%
Krzysztof Mączyński
60%
Jacek Krzynówek
52%
Mateusz Bogusz
47%
Tomasz Iwan
40%
Jerzy Brzęczek
39%
Nie znaleziono quizów pasujących do podanych kryteriów
Rozkład punktacji
Procent ludzi z każdym wynikiem
Percentyl według liczby udzielonych odpowiedzi
Twoja historia wyników
Nie rozwiązałeś tego quizu